[Event "Elenite"]
[Site "Elenite"]
[Date "1994.??.??"]
[Round "7"]
[White "Ermenkov, Evgenij"]
[Black "Vyzmanavin, Alexey"]
[Result "0-1"]
[WhiteElo "2480"]
[BlackElo "2610"]
[Annotator "Ribli,Z"]
[PlyCount "62"]
[EventDate "1994.??.??"]
[EventType "tourn"]
[EventRounds "9"]
[EventCountry "BUL"]
[EventCategory "15"]
[SourceTitle "CBM 044"]
[Source "ChessBase"]
[SourceDate "1995.02.01"]
[SourceVersion "1"]
[SourceVersionDate "1995.02.01"]
[SourceQuality "1"]

1. e4 c5 2. Nc3 e6 3. Nf3 a6 4. d4 cxd4 5. Nxd4 Qc7 6. g3 Nf6 7. Bg2 Be7 8. O-O
O-O 9. a4 (9. Re1 d6 10. g4 Nc6 11. g5 Nd7 12. Nb3 Re8 13. a4 b6 14. f4 Bb7 $13
{Golubev,M-Kievelitz,B/Biel op/1992/EXP31/}) (9. Be3 Nc6 10. Nxc6 bxc6 11. Na4
d5 12. exd5 cxd5 13. c4 Bb7 $10 {Gubanov,A-Kharitonov,A/St.Petersburg op/1994/
CBM41/}) 9... Nc6 10. Nb3 (10. Nde2 $13 {Sax,Gy-Gross,S/Graz/1973/INF15,329/})
10... d6 (10... b6 11. Nd5 $1 exd5 12. exd5 Bb7 13. dxc6 dxc6 14. Bf4 Qc8 15.
Re1 Re8 16. Nd4 $14) 11. a5 Ne5 (11... b6 12. axb6 Qxb6 13. Be3 Qc7 14. Na4 Bb7
$13) 12. Qe2 Bd7 13. f4 Ng6 (13... Nc4 14. g4 $5 Rfc8 15. g5 Ne8 16. f5 $36 {
Kindermann,S-Lau,R/Altensteig/1989/CBM14/}) 14. Be3 Rfe8 15. Bb6 Qc8 16. e5 $6
(16. Rae1 $5 Bc6 17. Nd4 $14) 16... dxe5 17. fxe5 Nd5 18. Nxd5 exd5 19. Bxd5
Bf6 $1 20. Nc5 (20. Bd4 Nxe5 21. Bxe5 Rxe5 22. Bxf7+ Kh8 $44) 20... Rxe5 21.
Qd3 Rxd5 $1 22. Qxd5 Bc6 $44 23. Qd2 Qg4 $1 24. Rxf6 gxf6 25. Rf1 Ne5 26. Rxf6
Nf3+ 27. Rxf3 Qxf3 28. Qg5+ Kh8 29. Ne4 Qxe4 30. Qf6+ Kg8 31. Qg5+ Qg6 0-1

[Event "North Sea Cup 17th"]
[Site "Esbjerg"]
[Date "2002.07.08"]
[Round "4"]
[White "Tiviakov, Sergei"]
[Black "Volokitin, Andrei"]
[Result "0-1"]
[WhiteElo "2628"]
[BlackElo "2545"]
[Annotator "Ribli,Z"]
[PlyCount "106"]
[EventDate "2002.07.05"]
[EventType "tourn"]
[EventRounds "9"]
[EventCountry "DEN"]
[EventCategory "14"]
[SourceTitle "CBM 091"]
[Source "ChessBase"]
[SourceDate "2002.11.12"]
[SourceVersion "1"]
[SourceVersionDate "2002.11.12"]
[SourceQuality "1"]

1. e4 c5 2. Nf3 e6 3. d4 cxd4 4. Nxd4 Nc6 5. Nc3 a6 {Diese Zugfolge ist
heutzutage weniger populär, man spielt lieber 5...Qc7.} 6. g3 {Großmeister
Tiviakov spielt gern die g3-Variante gegen die Sizilianische Verteidigung.} (6.
Nxc6 bxc6 7. Bd3) 6... d6 7. Bg2 Bd7 (7... Nf6 8. Nxc6 (8. O-O Be7) 8... bxc6
9. e5 $14) 8. O-O Be7 $5 (8... Rc8 9. Nxc6 Bxc6 10. a4 Be7 11. Qg4 h5 12. Qe2
h4 13. Rd1 hxg3 14. hxg3 Qc7 15. Bf4 Nf6 16. Rd2 Nd7 17. Nb5 axb5 18. axb5 Ne5
19. bxc6 Qxc6 20. b3 g5 21. Be3 g4 {0-1 Timman,J-Ljubojevic,L/Brussels 1988/
CBM 07 (50)}) 9. Nxc6 Bxc6 10. a4 {Die Idee dieses Zuges ist, dass Weiß
nachfolgend mit a4-a5 am Damenflügel Raum gewinnt.} (10. Qg4 h5 11. Qe2 h4 (
11... Nf6 12. Bg5 $2 Nxe4 $1 13. Bxe4 Bxg5 14. f4 Qb6+ 15. Kg2 Bf6 16. f5 Bxc3
17. bxc3 e5 18. Rad1 O-O-O {0-1 Karason,A-Petursson,M/Akureyri 1987/EXT 99 (29)
}) 12. Rd1 (12. Be3 Qa5 13. f4 hxg3 14. hxg3 Nf6 15. Bf3 O-O-O 16. a3 d5 17.
exd5 Nxd5 18. Nxd5 Bxd5 19. Rad1 Bf6 {0-1 Kudrin,S-Mestel,A/Beersheba 1984/MCL
(37)}) 12... hxg3 13. hxg3 Qa5 14. Bf4 Rd8 15. Rd3 b5 16. a4 b4 17. Nb1 Nf6 18.
c4 Qh5 19. Qxh5 Rxh5 20. Nd2 g5 21. Be3 Nd7 22. Bd4 g4 23. b3 Ne5 24. Re3 Bf6 {
1/2-1/2 Kashtanov,R-Osnos,V/St Petersburg 1997/CBM 61 ext (75)}) 10... Nf6 11.
Be3 O-O 12. Re1 (12. a5) 12... Rc8 13. a5 {[%csl Yb6]} Nd7 14. Na4 Bxa4 {
Statt der Partiefortsetzung kann Schwarz 14...f5!? spielen, mit Gegenspiel.} (
14... f5 $5 15. Nb6 Nxb6 16. Bxb6 Qd7 17. c3 $11 (17. Qd3 $11)) 15. Rxa4 Qc7
16. c3 $14 {[%csl Ga5,Ge3,Gg2] Schwarz hat eine sehr feste Stellung, aber Weiß
hat das Läuferpaar und Raumvorteil am Damenflügel, was ihm eine kleine, aber
dauerhafte Initiative gibt.} (16. c4 b6 17. axb6 Nxb6 18. Rxa6 Nxc4 {1/2-1/2
Gipslis,A-Balashov,Y/Moscow 1983/EXT 2002 (18)}) 16... Ne5 17. Bf1 $1 {[%csl
Gf1][%cal Gf1a6] Weiß möchte f2-f4 ziehen und verteidigt sich gegen die
Möglichkeit Nc4.} (17. f4 $2 Nc4 $17 {[%cal Gc4e3,Gc4a5]}) 17... Qc6 18. Be2 (
18. f4 $2 Nf3+ 19. Qxf3 Qxa4) 18... Qd7 19. f4 Nc6 20. c4 {[%csl Gc4,Ge4] Weiß
hat ein starkes Bauernzentrum und kann im folgenden den Plan b4-b5 ausführen.}
Qc7 {Es ist schwer (wenn nicht sogar unmöglich) für Schwarz aktives Gegenspiel
zu finden: In den letzten Zügen hat er nur abgewartet.} 21. b4 {[%csl Ge2,Ge3]
[%cal Gb4b5] Die weißen Bauern am Damenflügel mit der Unterstützung des
Läuferpaares sind sehr stark.} Bf6 22. Bb6 Qe7 23. b5 axb5 (23... Nb8 24. c5
Bc3 (24... dxc5 $2 25. e5 $18) 25. cxd6 Qd7 26. Rf1 axb5 27. Ra2 $16) 24. cxb5
Nb8 25. Bf2 (25. a6 bxa6 26. bxa6 Nd7 27. Bf2 $14 {[%csl Ga6]}) 25... Bc3 (
25... Nd7 {[%cal Gd7c5]}) 26. Rf1 Nd7 27. a6 bxa6 28. bxa6 {[%csl Ga6][%cal
Ge2a6,Gf2a7] Der weiße a-Bauer ist sehr stark. Schwarz hat kein Gegenspiel,
aber sein Springer bekommt einen starken Vorposten auf c5.} Nc5 {[%csl Gc5]}
29. Rc4 $1 (29. Bxc5 Rxc5 $14) 29... Ba5 30. Bxc5 dxc5 (30... Rxc5 31. Rxc5
dxc5 32. Qa4 $14) 31. Qa4 Bb4 32. e5 {[%cal Ge2f3,Gf3b7] Mit diesem Zug
bereitet Weiß das Läufermanöver Bf3-b7 vor.} Qa7 33. Bf3 {Dieser Zug ist zu
direkt - der Läufer strebt nach b7, aber nach meiner Meinung wäre es besser
zuerst den Turm auf die d-Linie zu stellen.} (33. Rd1 $5 Rfd8 34. Rxd8+ Rxd8
35. Qc6 $16) 33... Rfd8 34. Bb7 Rb8 35. Rd1 Bd2 $1 (35... Rxd1+ 36. Qxd1 $16 {
[%csl Gd1][%cal Gd1d8]}) 36. Kf2 g6 37. Ke2 $2 {Diese scheinbar logische
Fortsetzung gibt Schwarz gute Gegenchancen.} (37. Qc6 $142 Be3+ 38. Ke2 Bd4 39.
Rb1 $16 {[%cal Gc6b6]}) {[#]} 37... Rxb7 $1 {[%mdl 512] Mit diesem
Qualitätsopfer bekommt Schwarz Angriffschancen gegen den weißen König.} 38.
axb7 Qxb7 $44 39. Re4 (39. Rxd2 $2 Qg2+ $19) (39. Kf2 Rd3 40. Re4 Qd5 $44)
39... Qb2 {[%cal Gb2e2]} 40. Kf3 (40. Kf1 Kg7 $44) 40... h5 {Es droht nichts
Konkretes, Schwarz hat "nur" Läufer und Bauern gegen den Turm und eine gesunde
Stellung.} 41. Qc4 (41. Re2 Rd4 $44) 41... Rb8 42. Re2 (42. Rf1) 42... Rb4 $1 (
42... Qb3+ $6 43. Qxb3 Rxb3+ 44. Kg2 Be3 45. Rd7 $16) 43. Rdxd2 (43. Qa6 $4
Qb3+ {[%cal Rb3f3,Rb3d1]}) 43... Qxd2 (43... Qa3+ 44. Qd3 (44. Rd3 Qa8+ $19)
44... Rb3 45. Re3 Rxd3 46. Rexd3 $15) 44. Qxc5 (44. Rxd2 Rxc4 $17) 44... Rb3+
45. Kf2 Qd1 46. Qc2 $15 {Nach großen Komplikationen haben wir jetzt eine
materiell gleiche Stellung erreicht. Schwarz hat mikroskopischen Vorteil, weil
seine Figuren aktiver stehen, aber Weiß kann die Stellung Remis halten.} Qd4+ {
Natürlich tauscht Schwarz nicht die Damen - er hat einige Angriffschancen.} (
46... Qxc2 47. Rxc2 $11) 47. Kg2 Rd3 48. Qc6 Rd1 49. Qf3 Rg1+ 50. Kh3 Qd1 51.
Kh4 $4 {[%mdl 8192] Ein unglaublicher Fehler - der König geht von selbst ins
Mattnetz. Nach normalen Zügen hätte Schwarz nur symbolischen Vorteil.} (51. Re3
$15) 51... Rf1 $19 {[%csl Rh4]} 52. Qa8+ (52. Qe4 Rf2 53. Rxf2 Qg4#) (52. Qe3
Re1 53. Rxe1 Qg4#) 52... Kg7 53. Qe4 Rf2 0-1

[Event "Morelia/Linares 25th"]
[Site "Morelia/Linares"]
[Date "2008.02.23"]
[Round "7"]
[White "Leko, Peter"]
[Black "Topalov, Veselin"]
[Result "0-1"]
[WhiteElo "2753"]
[BlackElo "2780"]
[Annotator "Rogozenco,D"]
[PlyCount "76"]
[EventDate "2008.02.15"]
[EventType "tourn"]
[EventRounds "14"]
[EventCountry "ESP"]
[EventCategory "21"]
[SourceTitle "CBM 123"]
[Source "ChessBase"]
[SourceDate "2008.04.02"]
[SourceVersion "1"]
[SourceVersionDate "2008.04.02"]
[SourceQuality "1"]

1. e4 c5 2. Nf3 d6 3. d4 cxd4 4. Nxd4 Nf6 5. Nc3 a6 6. Be3 e6 7. f3 b5 8. Qd2
b4 {A variation deeply prepared by Topalov for the 2005 World Championship
tournament. Since then it has become highly popular and both players have
contributed a lot to the development of its theory. It must be mentioned that
Veselin had achieved several memorable victories with this variation in the
past two years, including wins against Anand, Kramnik and ... Leko.} 9. Na4
Nbd7 10. c4 {Anand's move, never used by Leko before.} (10. Qxb4 {allows} d5 {
and Black wins back a central pawn.}) ({When faced for the first time with the
this variation, Peter continued} 10. O-O-O {and got a very promising position
after} d5 11. exd5 Nxd5 12. Bc4 N7f6 13. Bg5 Qc7 14. Bxd5 Nxd5 15. Rhe1 {
but misplayed it and lost, Leko,P (2763)-Topalov,V (2788)/San Luis 2005.
However, Black has at his disposal the sharp 10...Qa5 11.b3 Bb7 12.a3 Qc7,
which leads to complications which are favourable for him.}) ({Later Leko
switched to} 10. Bc4 {:} Ne5 11. Bb3 Rb8 12. O-O Bd7 13. a3 a5 14. axb4 axb4
15. f4 $36 {1/2-1/2 Leko,P-Grischuk,A/Moscow 2006 (65)}) 10... bxc3 11. Nxc3
Bb7 12. Be2 Be7 ({In 2006 Topalov won against Anand after} 12... d5 13. exd5
Nxd5 14. Nxd5 Bxd5 15. O-O Qb8 16. Nf5 Qe5 17. Ng3 Bb4 $1 {but later
Morozevich discovered that Black faces problems after 15.Rc1!.}) 13. O-O O-O
14. Rac1 Qb8 15. Rfd1 Rd8 {An important move. Although White seems to have
more space and therefore some pressure, Black inevitably advances d5 next and
should have no problems whatsoever.} ({The immediate} 15... d5 {is premature
due to} 16. exd5 Nxd5 17. Nxd5 Bxd5 18. Nc6 $14) 16. Kh1 {This new move
changes little: Black has a comfortable game.} (16. Bf2 {was met once before,
after which Black can continue} d5 17. Bg3 Bd6) 16... d5 17. exd5 Nxd5 18. Nxd5
Bxd5 19. Bc4 ({Now} 19. Nc6 {is no longer attractive for White due to} Bxc6 20.
Rxc6 Ne5 {and after the forced} 21. Rb6 Qc8 22. Qc1 Rxd1+ 23. Qxd1 Nc4 24. Bxc4
Qxc4 {it is Black who has some initiative}) (19. a3 Nc5 20. Qc3 (20. b4 $2 Nb3
21. Nxb3 Bxb3 $19) 20... a5 $11) 19... Nf6 20. Qe2 Qb7 21. b3 h6 {The position
is completely equal. In the next part both sides try to improve their pieces.
Black will double on the d-file, White will take control over the c-file.} 22.
Bf2 Rd7 23. Rc2 Bxc4 24. Rxc4 (24. Qxc4 $2 e5 $19) 24... Rad8 25. Rf1 {Placing
the rook on c1 and/or e1 is more natural.} (25. Rdc1 Ba3 26. Re1 $11) (25. Re1
Bb4 26. Rec1 Ba3 27. Re1 $11) 25... Rd6 26. Qc2 Bf8 27. Nc6 Re8 {Possibly Leko
overestimated White's achievements: the knight on c6 is strong indeed, but
Black keeps sufficient activity in the centre.} 28. b4 ({More cautious is} 28.
Re1 Rd5 29. Bd4 $11) 28... e5 29. Na5 Qb5 30. Bc5 Rd5 31. Bxf8 Rxf8 32. Re1 (
32. Nc6 Re8 33. a4 Qb6 34. Re1 $11) 32... Rfd8 33. Nb3 (33. Nc6 Rd1 ({After} 
33... Rd2 34. Qc1 {Black has nothing better than 34...Rd1 anyway.}) 34. Rxd1
Rxd1+ 35. Qxd1 Qxc4 36. Nxe5 Qxa2 37. Nd3 Nd5 38. Qe1 $11) 33... Rd1 $1 {
An unpleasant surprise for Leko, who suddenly must solve concrete problems and
react very precisely.} 34. Qxd1 $2 {With little time the Hungarian GM got
confused and went for the wrong variation.} ({Correct is} 34. Rxd1 Rxd1+ 35.
Qxd1 Qxc4 36. Qc1 $1 ({Not} 36. Qe1 Nd5 $1 37. h3 f6 {and Black wins the pawn
b4}) 36... Qxb4 37. Qc8+ Kh7 (37... Qf8 38. Qxa6) 38. Qf5+ g6 39. Qxe5 {
The e1-square is under control, so White will easily make a draw.}) 34... Rxd1
35. Rc8+ Kh7 36. Rxd1 e4 {Black builds a direct attack against the king and
White's situation becomes difficult. Each mistake is fatal and loses at once.
That's exactly what happened.} 37. fxe4 $2 ({The only way to put up some
resistance was} 37. Rc3 Qxb4 38. Re3 exf3 39. Rxf3 $17) 37... Ng4 $1 {A
precise move that wins immediately.} ({Much stronger than} 37... Nxe4 38. Rc2)
38. Rc5 ({After} 38. Rc2 {the quickest win is} Qe5) 38... Qb8 $1 (38... Qb8 39.
g3 Nf2+ $19) 0-1

[Event "ARG-ch 89th"]
[Site "Saenz Pena"]
[Date "2014.07.19"]
[Round "13"]
[White "Felgaer, Ruben Alejandro"]
[Black "Alonso, Salvador"]
[Result "1/2-1/2"]
[WhiteElo "2549"]
[BlackElo "2508"]
[Annotator "Rosito,J"]
[PlyCount "116"]
[EventDate "2014.07.09"]
[EventType "tourn"]
[EventRounds "13"]
[EventCountry "ARG"]
[EventCategory "9"]
[SourceTitle "CBM 161 Extra"]
[Source "ChessBase"]
[SourceDate "2014.08.29"]
[SourceVersion "1"]
[SourceVersionDate "2014.08.29"]
[SourceQuality "1"]

{Ültima ronda. El GM Felgaer tiene medio punto de ventaja sobre el GM Perez
Ponsa que también va de blancas contra el MI Liascovich.} 1. e4 c5 2. Nf3 e6 3.
d4 cxd4 4. Nxd4 Nf6 5. Nc3 d6 6. Be3 Nc6 7. f3 {El blanco se decide por el
agresivo Ataque Inglés.} d5 ({Lo más natural es} 7... Be7 8. Qd2 a6 9. O-O-O
O-O 10. g4) 8. Bb5 Bd7 9. exd5 Nxd5 ({También es posible.} 9... exd5) 10. Nxd5
exd5 11. Qd2 Bd6 12. O-O-O O-O 13. Nb3 Be6 14. Kb1 a6 15. Bd3 a5 {Como sucede
en posiciones con enroques opuestos lo que prevalece es la iniciativa. Alonso
intenta atacar en el flanco dama.} 16. a4 {Felgaer le pone freno al ataque
negro.} Nb4 17. Nd4 Nxd3 18. Qxd3 Rc8 19. Rhe1 Bd7 20. Nb5 {La posición luce
un tanto más cómoda para las blancas debido al peón aislado de las negras, sin
embargo Alonso tiene mucha actividad.} Bc6 21. g3 Re8 22. Bd4 Rxe1 23. Rxe1 Bf8
24. b3 Qd7 25. Rd1 Qh3 26. Rd2 h5 27. Kb2 Bb4 28. Re2 Bd7 29. Qe3 Bf8 30. Nc3
Re8 31. Qf2 Rxe2 32. Qxe2 Be6 33. Be5 f6 34. Bd4 Bf7 35. Nb5 Qf5 36. Bc3 b6 37.
Bd4 Bc5 38. Qf2 ({Un momento importante. Parece muy interesante.} 38. Bxc5 bxc5
39. Nd6 Qd7 40. Qa6 {Hay que destacar que ambos jugadores se encuentran con
apuro de tiempo.}) 38... Bxd4+ 39. Nxd4 Qe5 40. Qd2 Bg6 41. f4 Qe4 42. Nb5 Qh1
43. Qf2 Be4 44. h4 Kh7 45. Nc3 Bf5 46. Nb5 Qd1 47. Nd4 Be4 48. Nb5 Bf5 49. Nc3
Qh1 50. Nb1 Qe4 51. Na3 d4 52. Nc4 d3 53. cxd3 Qxd3 54. Nxb6 Qb1+ 55. Kc3 Qd3+
({Era para considerar.} 55... Qc1+ 56. Kd4 Qc7 $5) 56. Kb2 Qb1+ 57. Kc3 Qd3+
58. Kb2 Qb1+ {Al ganar Perez Ponsa, se debe realizar un desempate con partidas
rápidas. Final apasionante en la final del Campeonato Argentino versión 2014.}
1/2-1/2

[Event "Hastings 0304 79th"]
[Site "Hastings"]
[Date "2004.01.04"]
[Round "8"]
[White "Lagno, Kateryna"]
[Black "Rowson, Jonathan"]
[Result "1/2-1/2"]
[WhiteElo "2486"]
[BlackElo "2541"]
[Annotator "Rowson,J"]
[PlyCount "52"]
[EventDate "2003.12.28"]
[EventType "tourn"]
[EventRounds "9"]
[EventCountry "ENG"]
[EventCategory "13"]
[SourceTitle "CBM 099"]
[Source "ChessBase"]
[SourceDate "2004.03.30"]
[SourceVersion "1"]
[SourceVersionDate "2004.03.30"]
[SourceQuality "1"]

1. e4 c5 2. Nf3 d6 3. d4 Nf6 4. Nc3 cxd4 5. Nxd4 a6 6. f3 e6 7. Be3 h5 $5 {
[#] This move was made to look rather dubious in the game Khalifman-Van Wely,
Wijk aan Zee 2001(?) but I think it is probably quite playable and I wanted to
play something that would force my opponent to think as early as possible.
Moreover, Lahno's results on the white side of main line sicilians are rather
impressive.} 8. Qd2 Nbd7 9. Be2 (9. Bc4 $5) 9... b6 $5 10. O-O Bb7 11. a4 Be7
12. Rad1 Qc7 (12... Rc8 $5 {is also possible, but I wanted to retain the
option of castling queenside and it can be useful to have the rook defending
a6 if I ever get round to playing ...d5}) 13. Qe1 g6 14. Qg3 $6 h4 15. Qf2 d5
$6 {This was not strictly necessary and Black should probably wait for a while.
However, I had seen until White's ninteenth move and assumed I would have
something good there. In fact I just move from one equalish position to
another, but my position becomes progressively difficult to play, while Lahno,
who was unsure what to do at this stage, started playing more quickly and
confidently.} (15... O-O-O $5) (15... Rh5 $5) 16. exd5 Nxd5 (16... Bxd5 $5 {
is sometimes possible in these lines, but in this case my light squares sorely
miss my bishop after} 17. Nxd5 Nxd5 18. f4 $1 {followed by Bf3.}) 17. Nxd5 Bxd5
18. f4 $1 Nf6 19. Bf3 {[#] From afar, this position seemed promising due to my
light square control, prospect of castling either side and throwing in h3 at a
suitable moment. However, I thought for over half an hour here and failed to
find a way to coordinate my position.} Ne4 $2 (19... Qb7 $1 {This was my
original intention and I should have played this, but saw a few things that
made me nervous.} 20. c4 $1 (20. Bxd5 Qxd5 $1 {Now I am fine, but it looks
risky to put the queen in such an exposed position.} (20... Nxd5 21. f5 $1 gxf5
22. Nxf5 exf5 (22... Nxe3 23. Ng7+) 23. Qxf5 {seemed very dangerous for Black,
and probably is.})) 20... Be4 $1 {This seems to keep control.} (20... Bxf3 21.
Qxf3 Qxf3 22. Nxf3 Bc5 $6 (22... Nd7 $1) 23. Bxc5 bxc5 24. Ne5 {This is
troublesome for Black, but Kunte convinced me that the initial ending is fine
for Black as long as I play})) 20. Qe2 $1 {A strong move, which more or less
escaped my attention. For some reason I assumed White would keep her eyes
trained on the h4-pawn.} O-O 21. c4 $5 {This looks strong, and was played with
a certain flourish by my young opponent. However, Lahno would have done well
to follow Tarrasch's advice here: "When you see a good move, sit on your hands
and look for a better one". I have probably probably mis-quoted Tarrasch, and
it may in fact have been one of the Laskers who said something similar, but in
any case, you get the point.} (21. Bc1 $1 {Bishop retreats are often hard to
spot and Lahno could hardly believe that such a simple move could be so strong.
My problem is that the obvious} Nf6 {fails to} 22. Bxd5 exd5 {but after} (22...
Nxd5 23. Nxe6 $1 {so I would have to try}) 23. f5 {white has a raging attack,
and I suspect that my king would not be long for this world.}) 21... Bb7 (21...
Bxc4 22. Qc2 $1 {winning.}) 22. Qc2 Nf6 23. b3 Rad8 24. Qf2 Ne4 25. Qc2 (25.
Bxe4 Bxe4 26. Nf3 {I was trying to encourage this.} Rxd1 27. Rxd1 h3 $1 {
gives Black very dangerous play.}) 25... Nf6 26. Qf2 {[#] I felt this was an
interesting moment psychologically. I was relieved that she hadn't played Bc1
and felt that I had been rather lucky to survive. In this respect a draw was a
good result. However, I can think of some players who would take the fact that
she missed Bc1 as an encouragement to play on. As I mulled these things over I
looked for a way to play the position, but it seemed clear to me that Ne4 was
the best move, and saw no reason to randomize. Given that I managed to beat
Epishin the next day this was probably the right decision, but I quite sure
that if I had not been so succesful in the final round I would have been
kicking myself for not taking a little risk her to win the tournament.} Ne4 (
26... Rd7 $5 {Was my main idea, when White can either try to play a roughly
level ending} 27. Qxh4 (27. Bxb7 Qxb7 28. Qf3) 27... Ne4 28. Nxe6 $1) (26... h3
27. gxh3 $1 {and far from weakening White's king, it seemed that the half-open
g-file combined with h4-h5 was likely to cause me problems.}) 1/2-1/2